000 00387pab a2200157 454500
008 180718b2005 xxu||||| |||| 00| 0 eng d
100 _aOkhmatovskiy, Ilya
245 _aSources of capital and structures of influence
260 _c2005
300 _ap.427-57.
362 _aDec
650 _aBanks - Russia
650 _aBanks
773 _aInternational Sociology
909 _a68187
999 _c68187
_d68187